00368pab a2200145 454500008004000000100001900040245005900059260000900118300001300127362001200140650002000152650001400172650001500186773002100201180718b2005 xxu||||| |||| 00| 0 eng d aThapar, Romila aNational curriculum framework aand the social sciences c2005 ap.55-58. aSep-Oct aSocial sciences aEducation aCurriculum aSocial Scientist